<?xml version="1.0" encoding="UTF-8"?>
<record
    xmlns:xsi="http://www.w3.org/2001/XMLSchema-instance"
    xsi:schemaLocation="http://www.loc.gov/MARC21/slim http://www.loc.gov/standards/marcxml/schema/MARC21slim.xsd"
    xmlns="http://www.loc.gov/MARC21/slim">

  <leader>02001cam a22003255a 4500</leader>
  <datafield tag="999" ind1=" " ind2=" ">
    <subfield code="c">27283</subfield>
    <subfield code="d">27254</subfield>
  </datafield>
  <controlfield tag="001">016453531</controlfield>
  <controlfield tag="003">EG-ScBUE</controlfield>
  <controlfield tag="005">20190324122317.0</controlfield>
  <controlfield tag="008">130523s2014    enk    frb    001 0 eng d</controlfield>
  <datafield tag="015" ind1=" " ind2=" ">
    <subfield code="a">GBB361699</subfield>
    <subfield code="2">bnb</subfield>
  </datafield>
  <datafield tag="016" ind1="7" ind2=" ">
    <subfield code="a">016453531</subfield>
    <subfield code="2">Uk</subfield>
  </datafield>
  <datafield tag="020" ind1=" " ind2=" ">
    <subfield code="a">9780745656052 (hbk.)</subfield>
  </datafield>
  <datafield tag="035" ind1=" " ind2=" ">
    <subfield code="a">(IeDuTC)b153694403</subfield>
  </datafield>
  <datafield tag="040" ind1=" " ind2=" ">
    <subfield code="a">StDuBDS</subfield>
    <subfield code="b">eng</subfield>
    <subfield code="c">StDuBDS</subfield>
    <subfield code="d">IeDuTC</subfield>
    <subfield code="d">Uk</subfield>
    <subfield code="d">EG-ScBUE</subfield>
  </datafield>
  <datafield tag="082" ind1="0" ind2="4">
    <subfield code="a">175</subfield>
    <subfield code="b">ESS</subfield>
    <subfield code="2">22</subfield>
  </datafield>
  <datafield tag="100" ind1="1" ind2=" ">
    <subfield code="a">Ess, Charles,</subfield>
    <subfield code="d">1951-</subfield>
  </datafield>
  <datafield tag="245" ind1="1" ind2="0">
    <subfield code="a">Digital media ethics /</subfield>
    <subfield code="c">Charles Ess.</subfield>
  </datafield>
  <datafield tag="250" ind1=" " ind2=" ">
    <subfield code="a">2nd ed., Revised and updated.</subfield>
  </datafield>
  <datafield tag="260" ind1=" " ind2=" ">
    <subfield code="a">Cambridge, UK ;</subfield>
    <subfield code="a">Malden, MA :</subfield>
    <subfield code="b">Polity,</subfield>
    <subfield code="c">c.2014.</subfield>
  </datafield>
  <datafield tag="300" ind1=" " ind2=" ">
    <subfield code="a">xxii, 298 p. ;</subfield>
    <subfield code="c">24 cm.</subfield>
  </datafield>
  <datafield tag="490" ind1="0" ind2=" ">
    <subfield code="a">Digital media and society series</subfield>
  </datafield>
  <datafield tag="500" ind1=" " ind2=" ">
    <subfield code="a">Previous edition : 2009.</subfield>
  </datafield>
  <datafield tag="504" ind1=" " ind2=" ">
    <subfield code="a">Includes bibliographical references and index.</subfield>
  </datafield>
  <datafield tag="520" ind1=" " ind2=" ">
    <subfield code="a">The original edition of this accessible and interdisciplinary textbook was the first to consider the ethical issues of digital media from a global perspective, introducing ethical theories from multiple cultures. This second edition has been thoroughly updated to cover current research and scholarship, and recent developments and technological changes. It also benefits from extensively updated case-studies and pedagogical material, including examples of watershed events such as privacy policy developments on Facebook and Google+ in relation to ongoing changes in privacy law in the US, the EU, and Asia. New for the second edition is a section on citizen journalism and its implications for traditional journalistic ethics. With a significantly updated section on the ethical toolkit, this book also introduces students to prevailing ethical theories and illustrates how they are applied to central issues such as privacy, copyright, pornography and violence, and the ethics of cross-cultural communication online.</subfield>
  </datafield>
  <datafield tag="650" ind1=" " ind2="7">
    <subfield code="a">Digital media</subfield>
    <subfield code="x">Moral and ethical aspects.</subfield>
    <subfield code="2">BUEsh</subfield>
  </datafield>
  <datafield tag="651" ind1=" " ind2=" ">
    <subfield code="2">BUEsh</subfield>
  </datafield>
  <datafield tag="653" ind1=" " ind2=" ">
    <subfield code="b">COMAME</subfield>
    <subfield code="c">March2019</subfield>
  </datafield>
  <datafield tag="655" ind1=" " ind2=" ">
    <subfield code="v">Reading book</subfield>
  </datafield>
  <datafield tag="942" ind1=" " ind2=" ">
    <subfield code="2">ddc</subfield>
  </datafield>
  <datafield tag="952" ind1=" " ind2=" ">
    <subfield code="0">0</subfield>
    <subfield code="1">0</subfield>
    <subfield code="2">ddc</subfield>
    <subfield code="4">0</subfield>
    <subfield code="7">0</subfield>
    <subfield code="8">Baccah</subfield>
    <subfield code="a">MAIN</subfield>
    <subfield code="b">MAIN</subfield>
    <subfield code="c">LOW</subfield>
    <subfield code="d">2019-03-24</subfield>
    <subfield code="e">Purchase</subfield>
    <subfield code="g">1280.00</subfield>
    <subfield code="l">0</subfield>
    <subfield code="o">175 ESS</subfield>
    <subfield code="p">000044462</subfield>
    <subfield code="r">2025-07-15 00:00:00</subfield>
    <subfield code="v">1600.00</subfield>
    <subfield code="y">NB</subfield>
  </datafield>
  <datafield tag="952" ind1=" " ind2=" ">
    <subfield code="0">0</subfield>
    <subfield code="1">0</subfield>
    <subfield code="2">ddc</subfield>
    <subfield code="4">0</subfield>
    <subfield code="7">0</subfield>
    <subfield code="8">Baccah</subfield>
    <subfield code="a">MAIN</subfield>
    <subfield code="b">MAIN</subfield>
    <subfield code="c">LOW</subfield>
    <subfield code="d">2019-03-24</subfield>
    <subfield code="e">Purchase</subfield>
    <subfield code="g">1280.00</subfield>
    <subfield code="l">0</subfield>
    <subfield code="o">175 ESS</subfield>
    <subfield code="p">000044460</subfield>
    <subfield code="r">2025-07-15 00:00:00</subfield>
    <subfield code="v">1600.00</subfield>
    <subfield code="y">BB</subfield>
  </datafield>
  <datafield tag="952" ind1=" " ind2=" ">
    <subfield code="0">0</subfield>
    <subfield code="1">0</subfield>
    <subfield code="2">ddc</subfield>
    <subfield code="4">0</subfield>
    <subfield code="7">0</subfield>
    <subfield code="8">Baccah</subfield>
    <subfield code="a">MAIN</subfield>
    <subfield code="b">MAIN</subfield>
    <subfield code="c">LOW</subfield>
    <subfield code="d">2019-04-21</subfield>
    <subfield code="e">Purchase</subfield>
    <subfield code="g">1280.00</subfield>
    <subfield code="l">0</subfield>
    <subfield code="o">175 ESS</subfield>
    <subfield code="p">000044616</subfield>
    <subfield code="r">2025-07-15 00:00:00</subfield>
    <subfield code="v">1600.00</subfield>
    <subfield code="y">BB</subfield>
  </datafield>
</record>
